Maria: Jungfrau, Mutter, Herrscherin

Saved in:  
Bibliographic Details
Main Author: Schreiner, Klaus 1931-2015 (Author)
Format: Print Book
Language:German
Subito Delivery Service: Order now.
Check availability: HBZ Gateway
WorldCat: WorldCat
Interlibrary Loan:Interlibrary Loan for the Fachinformationsdienste (Specialized Information Services in Germany)
Published: München Wien Carl Hanser Verlag [1994]
In:Year: 1994
Reviews:, in: ThRv 92 (1996) 323-326 (Gössmann, Elisabeth)
Standardized Subjects / Keyword chains:B Maria, von Nazaret, Biblische Person
B Mary legends
B Marian devotion (motif) / History
B Marian image
IxTheo Classification:NBJ Mariology
Further subjects:B Mariology
B Mary Blessed Virgin, Saint Devotion to History
B Maria
Online Access: Table of Contents
Table of Contents
Sammlungen:

MARC

LEADER 00000cam a2200000 c 4500
001 1627019251
003 DE-627
005 20251225203419.0
007 tu
008 941012s1994 gw ||||| 00| ||ger c
015 |a 94,A42,0435  |2 dnb 
016 7 |a 942167856  |2 DE-101 
020 |a 3446178317  |c  (Gewebe)  |9 3-446-17831-7 
035 |a (DE-627)1627019251 
035 |a (DE-576)04142350X 
035 |a (DE-599)BSZ04142350X 
035 |a (OCoLC)844935119 
035 |a (DE-Rt5)2674310 
040 |a DE-627  |b ger  |c DE-627  |e rda 
041 |a ger 
044 |c XA-DE  |c XA-AT 
050 0 |a BT645 
082 0 |a 232.91 
082 0 4 |a 12  |q dnb 
084 |a KU 68 (40)  |2 sfb 
084 |a REL 823  |2 sfb 
084 |a 12  |a 46  |2 sdnb 
084 |a 9,10  |a 1  |2 ssgn 
084 |a LH 82420  |2 rvk  |0 (DE-625)rvk/95229: 
084 |a BN 5700  |q DE-FR129  |2 rvk  |0 (DE-625)rvk/13803: 
084 |a 11.52  |2 bkl 
084 |a 20.21  |2 bkl 
084 |a 11.61  |2 bkl 
100 1 |e VerfasserIn  |0 (DE-588)119353156  |0 (DE-627)080162673  |0 (DE-576)212228110  |4 aut  |a Schreiner, Klaus  |d 1931-2015 
109 |a Schreiner, Klaus 1931-2015  |a Shurainā, Kurausu 1931-2015 
245 1 0 |a Maria  |b Jungfrau, Mutter, Herrscherin  |c Klaus Schreiner 
264 1 |a München  |a Wien  |b Carl Hanser Verlag  |c [1994] 
264 4 |c © 1994 
300 |a 591 Seiten  |b Illustrationen  |c 23 cm 
336 |a Text  |b txt  |2 rdacontent 
337 |a ohne Hilfsmittel zu benutzen  |b n  |2 rdamedia 
338 |a Band  |b nc  |2 rdacarrier 
500 |a Literaturverzeichnis: Seite 577-590 
583 1 |a Archivierung/Langzeitarchivierung gewährleistet  |f SSG  |x XA-DE-BW  |2 pdager  |5 DE-21 
583 1 |a Archivierung/Langzeitarchivierung gewährleistet  |f SSG  |x XA-DE-BW  |2 pdager  |5 DE-16 
600 1 0 |a Mary  |c Blessed Virgin, Saint  |x Devotion to  |x History 
600 1 4 |a Maria 
601 |a Herrscherin 
650 0 7 |0 (DE-588)4074572-7  |0 (DE-627)106089080  |0 (DE-576)209194472  |a Mariologie  |2 gnd 
652 |a NBJ 
689 0 0 |d p  |0 (DE-588)118640909  |0 (DE-627)079427456  |0 (DE-576)209194391  |2 gnd  |a Maria  |c von Nazaret, Biblische Person 
689 0 |5 DE-101 
689 1 0 |d s  |0 (DE-588)4199881-9  |0 (DE-627)105177938  |0 (DE-576)210131640  |2 gnd  |a Marienlegende 
689 1 |5 DE-101 
689 2 0 |d s  |0 (DE-588)4074567-3  |0 (DE-627)106089102  |0 (DE-576)209194448  |2 gnd  |a Marienverehrung 
689 2 1 |q z  |2 gnd  |a Geschichte 
689 2 |5 DE-101 
689 3 0 |d s  |0 (DE-588)4074563-6  |0 (DE-627)106089110  |0 (DE-576)20919443X  |2 gnd  |a Mariendarstellung 
689 3 |5 DE-101 
689 4 0 |d p  |0 (DE-588)118640909  |0 (DE-627)079427456  |0 (DE-576)209194391  |2 gnd  |a Maria  |c von Nazaret, Biblische Person 
689 4 |5 (DE-627) 
689 5 0 |d s  |0 (DE-588)4199881-9  |0 (DE-627)105177938  |0 (DE-576)210131640  |2 gnd  |a Marienlegende 
689 5 |5 (DE-627) 
689 6 0 |d s  |0 (DE-588)4074567-3  |0 (DE-627)106089102  |0 (DE-576)209194448  |2 gnd  |a Marienverehrung 
689 6 1 |q z  |2 gnd  |a Geschichte 
689 6 |5 (DE-627) 
689 7 0 |d s  |0 (DE-588)4074563-6  |0 (DE-627)106089110  |0 (DE-576)20919443X  |2 gnd  |a Mariendarstellung 
689 7 |5 (DE-627) 
787 0 8 |i Rezensiert in  |a Gössmann, Elisabeth  |t , in: ThRv  |g 92 (1996) 323-326 
856 4 2 |u http://www.gbv.de/dms/mpib-toc/165063009.pdf  |m V:DE-601  |m B:B-1532  |q pdf/application  |v 2014-09-25  |x Verlag  |y Inhaltsverzeichnis  |3 Inhaltsverzeichnis  |7 1 
856 4 2 |u https://swbplus.bsz-bw.de/bsz04142350Xinh.htm  |m B:DE-576;DE-352  |q application/pdf  |v 20111116101736  |x Verlag  |3 Inhaltsverzeichnis  |7 1 
889 |w (DE-627)278301037 
889 |w (DE-627)165063009 
935 |a mteo  |a RFBW 
935 |i mdedup 
936 r v |a LH 82420  |b Allgemein  |k Kunstgeschichte  |k Allgemeines. Allgemeine Kunstgeschichte  |k Kunstgeschichte einzelner Gattungen der Kunst  |k Ikonographie, Ikonologie  |k Christliche Ikonographie  |k Ikonographie biblischer Darstellungen  |k Marienbild  |k Allgemein  |0 (DE-627)127091782X  |0 (DE-625)rvk/95229:  |0 (DE-576)20091782X 
936 r v |a BN 5700  |b Allgemein  |k Theologie und Religionswissenschaften  |k Dogmatik und Dogmengeschichte  |k Spezielle Dogmatik  |k Mariologie  |k Allgemein  |0 (DE-627)1270709917  |0 (DE-625)rvk/13803:  |0 (DE-576)200709917 
936 b k |a 11.52  |j Mittelalterliches Christentum  |0 (DE-627)10641965X 
936 b k |a 20.21  |j Religion  |j Magie  |x Ikonographie  |0 (DE-627)106406353 
936 b k |a 11.61  |j Dogmatik  |j Konfessionskunde  |q coli-conc NSK->BK  |q https://coli-conc.gbv.de/api/mappings/cae6e0dd-7a71-4e1b-9d27-ef9a52f82276  |0 (DE-627)106403850 
951 |a BO 
BIB |a 1 
ELC |b 1 
ITA |a 1  |t 1 
LOK |0 000 xxxxxcx a22 zn 4500 
LOK |0 001 3268537448 
LOK |0 003 DE-627 
LOK |0 004 1627019251 
LOK |0 005 20020522000000 
LOK |0 008 941209||||||||||||||||ger||||||| 
LOK |0 040   |a DE-21  |c DE-627  |d DE-21 
LOK |0 852   |a DE-21 
LOK |0 852 1  |c 34 A 16642  |9 00 
LOK |0 938   |l 3  |8 2 
LOK |0 939   |a 09-12-94  |b l01 
LOK |0 000 xxxxxcx a22 zn 4500 
LOK |0 001 3268537545 
LOK |0 003 DE-627 
LOK |0 004 1627019251 
LOK |0 005 20100406125420 
LOK |0 008 050823||||||||||||||||ger||||||| 
LOK |0 040   |a DE-21-32c  |c DE-627  |d DE-21-32c 
LOK |0 541   |e 97/711 
LOK |0 852   |a DE-21-32c 
LOK |0 852 1  |c Ha b 6065  |m p  |9 00 
LOK |0 935   |a k32c 
LOK |0 938   |k p 
LOK |0 939   |a 23-08-05  |b l01 
LOK |0 000 xxxxxcx a22 zn 4500 
LOK |0 001 3268537553 
LOK |0 003 DE-627 
LOK |0 004 1627019251 
LOK |0 005 20061020120239 
LOK |0 008 941012||||||||||||||||ger||||||| 
LOK |0 040   |a DE-21-35  |c DE-627  |d DE-21-35 
LOK |0 541   |e 94/940 
LOK |0 852   |a DE-21-35 
LOK |0 852 1  |c Dt 9.059  |m p  |9 00 
LOK |0 935   |a kneu 
LOK |0 938   |k p 
LOK |0 939   |a 12-10-94  |b l01 
LOK |0 000 xxxxxcx a22 zn 4500 
LOK |0 001 3268537561 
LOK |0 003 DE-627 
LOK |0 004 1627019251 
LOK |0 005 20020511000000 
LOK |0 008 950307||||||||||||||||ger||||||| 
LOK |0 040   |a DE-21-108  |c DE-627  |d DE-21-108 
LOK |0 092   |o l 
LOK |0 541   |e 1230/95 
LOK |0 852   |a DE-21-108 
LOK |0 852 1  |c HH 410.153  |m p  |9 00 
LOK |0 936ln  |0 1298941334  |a HH 410 
LOK |0 938   |k p 
LOK |0 939   |a 07-03-95  |b l01 
LOK |0 000 xxxxxcx a22 zn 4500 
LOK |0 001 326853757X 
LOK |0 003 DE-627 
LOK |0 004 1627019251 
LOK |0 005 20100407081848 
LOK |0 008 050309||||||||||||||||ger||||||| 
LOK |0 040   |a DE-21-52  |c DE-627  |d DE-21-52 
LOK |0 541   |e 94/807 
LOK |0 689   |a s  |0 131088336X  |a Maria <Heilige> 
LOK |0 852   |a DE-21-52 
LOK |0 852 1  |c Gk 171  |m p  |9 00 
LOK |0 935   |a k052 
LOK |0 938   |k p 
LOK |0 939   |a 09-03-05  |b l01 
LOK |0 000 xxxxxcx a22 zn 4500 
LOK |0 001 326853855X 
LOK |0 003 DE-627 
LOK |0 004 1627019251 
LOK |0 005 20190311234022 
LOK |0 008 190311||||||||||||||||ger||||||| 
LOK |0 035   |a (DE-Tue135-1)55470 
LOK |0 040   |a DE-Tue135-1  |c DE-627  |d DE-Tue135-1 
LOK |0 852   |a DE-Tue135-1 
LOK |0 852 1  |c DO13498  |m p  |9 00 
LOK |0 852 2  |b 204-S14  |9 00 
LOK |0 935   |a iMON 
LOK |0 936ln  |0 1442052244  |a NBJ 
LOK |0 938   |k p 
LOK |0 938   |l Maria - Marienlegende - Marienverehrung; Geschichte - Mariendarstellung  |8 0 
LOK |0 938   |l Dogmatik  |8 0 
LOK |0 939   |a 11-03-19  |b l12 
LOK |0 000 xxxxxcx a22 zn 4500 
LOK |0 001 4522771592 
LOK |0 003 DE-627 
LOK |0 004 1627019251 
LOK |0 005 20241016080954 
LOK |0 008 240514||||||||||||||||ger||||||| 
LOK |0 040   |a DE-Tue135  |c DE-627  |d DE-Tue135 
LOK |0 092   |o n 
LOK |0 852   |a DE-Tue135 
LOK |0 852 1  |9 00 
LOK |0 866   |x SPQUE#Reformationsgeschichtliche Forschungsbibliothek Wittenberg#SPSAM#Lutherhaus#SPUSM#Arbeitsbibliothek Bernd Moeller 
LOK |0 935   |a RFBW  |a lglu  |a lgbm 
LOK |0 939   |a 14-05-24  |b l02 
ORI |a SA-MARC-ixtheoa001.raw 
STA 0 0 |a History,History,History in art,Maria,Mary (personal name),Mary,Marian devotion (motif),Marian devotion,Mary,Blessed Virgin,Marian image,Image of the Blessed Virgin,Madonna,Blessed Virgin,Mariology,Mary legends 
STB 0 0 |a Histoire,Histoire,Histoire,Légende mariale,Marie,Maria (nom de personne),Maria,Mariologie,Représentation de la Vierge Marie,Vénération de la Vierge Marie (motif),Vénération de la Vierge Marie,Dévotion mariale,Dévotion mariale 
STC 0 0 |a Devoción a María,Historia,Historia,Historia,Leyenda mariana,Mariología,María,Representación de María 
STD 0 0 |a Leggenda mariana,Maria,Mariologia,Raffigurazione di Maria,Storia,Storia,Venerazione di Maria 
STE 0 0 |a 历史,史,圣母像,圣母崇拜,玛利亚崇拜,玛利亚神学,圣母学,圣母论 
STF 0 0 |a 歷史,史,瑪利亞神學,聖母學,聖母論,聖母像,聖母崇拜,瑪利亞崇拜 
STG 0 0 |a Devoção a Maria,História,História,Lenda mariana,Maria,Mariologia,Representação de Maria 
STH 0 0 |a Изображение Девы Марии,История (мотив),История,Легенды о Марии,Мариология,Мария (имя),Почитание Девы Марии 
STI 0 0 |a Απεικόνιση της Παναγίας,Θρύλος της Παναγίας,Ιστορία (μοτίβο),Ιστορία,Λατρεία της Παναγίας,Μαρία (προσωπικό όνομα),Μαριολογία 
SUB |a BIB 
SYA 0 0 |a Madi,Madia,Madiya,Modh,Modi,Mudia , Marie Feodorowna,Marīia Feodorovna,Maria,Maria,Mary,Mary,Maria,Marie,Maria,Mary,Oignies, Marie de,Marie,Maria Anna,Maria,Maria,Maria,Maria,Maria,Maria,Maria,Maria,Maria Pawlowna,Marie,Maria Paulowna,Marie Paulowne,Maria Paulowna,Maria Paulowna,Maria Pawlowna,Maria Pawlowna,Maria Paulowna,Maria Paulowna,Maria Paulowna,Maria Paulowna,Maria Paulowna,Maria Paulowna,Maria Pawlowna,Maria Pawlowna,Marie Paulowne,Marie,Maria,Marie,Marie Pavlovna,Marie Paulowna,Maria Paulowna,Maria Paulowna,Maria Pawlowna,Marie Pawlowna,Maria Großfürstin v. Russland,Maria Großfürstin von Russland,Maria Paulovna,Maria Paulowna,Maria Pavlovna Großfürstin von Rußland,Maria Pavlovna,Maria Pavlovna,Maria Pawlowna Großfürstin von Rußland,Maria Paulowna,Maria Pawlowna,Maria,Maria,Marie Grand Duchess of Russia,Marie Paulowna,Marie Paulowne,Marija Pavlovna Großfürstin v. Russland,Marija Pavlovna Großfürstin von Rußland,Marie Pawlowna,Marie, Grand Duchess of Russia,Maria Paulowna,Tudor, Mary,Mary,Mary,Maria,Maria,Maria von Tremolliae,Maria von Tremouille,LaTrémoille, Marie de,Mary,Maria,Oisterwijk, Maria van,Hout, Maria van,Maria,Maria,Maria,Marie,Marie,Maria,Maria,Mary,Mary,Marie,Bloody Mary,Mary,Mary Stuart,Stuart, Mary 
SYE 0 0 |a Marienlehre,Marienkunde 
SYG 0 0 |a Maria,von Nazareth, Biblische Person,Maria,von Nazaret,Maria,von Nazareth,Maria,Mutter Jesu,Maria,Mutter Jesu Christi,Maria,Mutter Christi,Maria,Mater Christi,Maria,Mutter Gottes,Maria,Mutter des Messias,Maria,Beata Virgo,Mariam,von Nazaret,Miriam,von Nazaret,Mirjam,von Nazaret,Maryam,von Nazaret,Mary,of Nazareth,Marie,de Nazareth,Maria,di Nazareth,Maria,Heilige,Maria,Sancta,Maryja,Matka Pana , Marienlegende,Anthologie,Handschrift,Bamberg,Staatsbibliothek,Ms. Class. 54,Nürnberger Marienbuch , Marienmirakel , Verehrung,Marienfrömmigkeit,Marienkult , History,Geschichtliche Epoche,Historical development,Historische Entwicklung,Landesgeschichte,Regionalgeschichte,Ortsgeschichte,Zeitgeschichte , Marienbild,Madonna,Madonnenbild , Maria,von Nazareth, Biblische Person,Maria,von Nazaret,Maria,von Nazareth,Maria,Mutter Jesu,Maria,Mutter Jesu Christi,Maria,Mutter Christi,Maria,Mater Christi,Maria,Mutter Gottes,Maria,Mutter des Messias,Maria,Beata Virgo,Mariam,von Nazaret,Miriam,von Nazaret,Mirjam,von Nazaret,Maryam,von Nazaret,Mary,of Nazareth,Marie,de Nazareth,Maria,di Nazareth,Maria,Heilige,Maria,Sancta,Maryja,Matka Pana , Marienlegende,Anthologie,Handschrift,Bamberg,Staatsbibliothek,Ms. Class. 54,Nürnberger Marienbuch , Marienmirakel , Verehrung,Marienfrömmigkeit,Marienkult , History,Geschichtliche Epoche,Historical development,Historische Entwicklung,Landesgeschichte,Regionalgeschichte,Ortsgeschichte,Zeitgeschichte , Marienbild,Madonna,Madonnenbild